[Event "40th ECC Open 2025"]
[Site "Rhodes GRE"]
[Date "2025.10.24"]
[Round "6.88"]
[White "Berczes, David"]
[Black "Cuhra, Martin"]
[Result "0-1"]
[WhiteTitle "GM"]
[BlackTitle "FM"]
[WhiteElo "2419"]
[BlackElo "2218"]
[WhiteTeam "KSK Rochade (BEL)"]
[BlackTeam "SK Oaza Praha loznice.cz"]
[WhiteFideId "722960"]
[BlackFideId "327735"]
[EventDate "2025.10.19"]

1. d4 Nf6 2. Nf3 c5 3. e3 g6 4. Nbd2 Bg7 5. Bd3 O-O 6. O-O b6 7. dxc5 bxc5 8. e4
Nc6 9. c3 Rb8 10. h3 Qc7 11. Re1 d6 12. Nf1 Nd7 13. Ne3 e6 14. Nh2 Nb6 15. Neg4
f5 16. exf5 gxf5 17. Nh6+ Kh8 18. Bg5 Ne5 19. Be2 Nd5 20. Qc2 Nf6 21. f4 Ng6 22.
Bf3 d5 23. g3 Rb6 24. Rad1 Bb7 25. h4 Ba8 26. b3 Ne4 27. Bxe4 fxe4 28. h5 Ne7
29. N6g4 Ng8 30. h6 Bf6 31. Nxf6 Nxf6 32. Qe2 Rd6 33. Ng4 Nxg4 34. Qxg4 Qf7 35.
Kh2 Rd7 36. Qh4 Bb7 37. a3 d4 38. b4 Qg6 39. f5 Rxf5 40. Rf1 Rdf7 41. Rxf5 Rxf5
42. cxd4 c4 43. g4 Qxg5 0-1

[Event "40th ECC Open 2025"]
[Site "Rhodes GRE"]
[Date "2025.10.24"]
[Round "6.89"]
[White "Kawulok, Marek"]
[Black "Harff, Marcel"]
[Result "0-1"]
[BlackTitle "FM"]
[WhiteElo "2219"]
[BlackElo "2319"]
[WhiteTeam "SK Oaza Praha loznice.cz"]
[BlackTeam "KSK Rochade (BEL)"]
[WhiteFideId "337005"]
[BlackFideId "24621382"]
[EventDate "2025.10.19"]

1. e4 e6 2. d4 d5 3. Nd2 c5 4. Ngf3 Nf6 5. e5 Nfd7 6. c3 Nc6 7. Bd3 cxd4 8. cxd4
f6 9. exf6 Nxf6 10. O-O Bd6 11. Re1 O-O 12. a3 Qc7 13. Qc2 h6 14. b4 Ng4 15. h3
Bh2+ 16. Kf1 Nxf2 17. Bh7+ Kh8 18. Nxh2 Qxh2 19. Nf3 Nxh3 20. Be3 Qh1+ 0-1

[Event "40th ECC Open 2025"]
[Site "Rhodes GRE"]
[Date "2025.10.24"]
[Round "6.90"]
[White "Meessen, Rudolf"]
[Black "Pirklova, Hana"]
[Result "1-0"]
[WhiteTitle "FM"]
[BlackTitle "WFM"]
[WhiteElo "2200"]
[BlackElo "2076"]
[WhiteTeam "KSK Rochade (BEL)"]
[BlackTeam "SK Oaza Praha loznice.cz"]
[WhiteFideId "202029"]
[BlackFideId "313777"]
[EventDate "2025.10.19"]

1. d4 Nf6 2. c4 g6 3. Nc3 Bg7 4. e4 d6 5. Be2 O-O 6. h4 e5 7. d5 h6 8. g4 Ne8 9.
h5 g5 10. Be3 a5 11. a3 Na6 12. Bd3 Bd7 13. f3 Nc5 14. Bc2 c6 15. Nge2 cxd5 16.
cxd5 b5 17. b4 Na6 18. Rb1 a4 19. Bd3 Nec7 20. Ng3 Rb8 21. Qe2 Qc8 22. O-O Qb7
23. Rfc1 Rfd8 24. Bf2 Kh8 25. Rc2 Rg8 26. Kh2 Bf8 27. Rbc1 f5 28. Nxf5 Bxf5 29.
exf5 Nxd5 30. Nxd5 Qxd5 31. Be4 Qb3 32. Rc3 Qf7 33. Qd3 Rg7 34. Rc6 Ra8 35. Bd5
Qe8 36. f6 Rd7 37. Qg6 Qd8 38. Qg8# 1-0

[Event "40th ECC Open 2025"]
[Site "Rhodes GRE"]
[Date "2025.10.24"]
[Round "6.91"]
[White "Laurusas, Tomas"]
[Black "Hector, Jonny"]
[Result "1-0"]
[WhiteTitle "GM"]
[BlackTitle "GM"]
[WhiteElo "2504"]
[BlackElo "2431"]
[WhiteTeam "Vilnius MRU-ROSK Consulting"]
[BlackTeam "Skakklubben Nordkalotten"]
[WhiteFideId "12803731"]
[BlackFideId "1700090"]
[EventDate "2025.10.19"]

1. Nf3 d5 2. e3 Nc6 3. d4 Bg4 4. c4 e6 5. Nc3 Nf6 6. a3 Be7 7. Bd3 O-O 8. Qc2
Bxf3 9. gxf3 g6 10. f4 Rc8 11. c5 Nh5 12. b4 Bf6 13. Bb2 Ne7 14. O-O-O c6 15.
Ne2 Ng7 16. Bc3 Bh4 17. Ng1 Nef5 18. Nf3 Be7 19. Ne5 Nh4 20. Be2 f6 21. Nd3 Qe8
22. Rhg1 Bd8 23. Rg4 Nhf5 24. Rgg1 Rc7 25. Rde1 Rd7 26. Qb2 Bc7 27. Bd1 Qd8 28.
Bb3 Kh8 29. Kb1 b5 30. a4 a6 31. Rd1 Qe7 32. Rge1 Ra8 33. Qe2 Bb8 34. e4 dxe4
35. Qxe4 Rd5 36. Bxd5 cxd5 37. Qe2 Qd7 38. Rd2 Bc7 39. Ra2 Rb8 40. axb5 Qxb5 41.
Nb2 Bxf4 42. h3 Qd7 43. Rxa6 Bc7 44. Qd1 Ne7 45. Qa4 Qxa4 46. Nxa4 e5 47. Rxf6
Ngf5 48. Re6 Kg8 49. dxe5 d4 50. Bd2 Nd5 51. Nb6 Bxb6 52. cxb6 Nxb6 53. Rc1 Nd5
54. Rc4 Kf7 55. Ra6 Re8 56. Ra7+ Kg8 57. Kc2 h6 58. Kd3 g5 59. Ke4 Nfe7 60. Ra6 1-0

[Event "40th ECC Open 2025"]
[Site "Rhodes GRE"]
[Date "2025.10.24"]
[Round "6.92"]
[White "Sylvan, Jacob"]
[Black "Pultinevicius, Paulius"]
[Result "0-1"]
[WhiteTitle "IM"]
[BlackTitle "GM"]
[WhiteElo "2303"]
[BlackElo "2532"]
[WhiteTeam "Skakklubben Nordkalotten"]
[BlackTeam "Vilnius MRU-ROSK Consulting"]
[WhiteFideId "1402137"]
[BlackFideId "12809390"]
[EventDate "2025.10.19"]

1. e4 c5 2. Nf3 Nc6 3. d4 cxd4 4. Nxd4 e6 5. Nc3 Qc7 6. Be3 a6 7. g4 b5 8. Nxc6
Qxc6 9. Qd2 Bb7 10. O-O-O Rc8 11. Bg2 b4 12. Nd5 exd5 13. exd5 Qa4 14. Kb1 f6
15. b3 Qa5 16. Rhe1 Kf7 17. Bf4 Qc5 18. Bf1 Bd6 19. Bc4 Ne7 20. Bxd6 Qxd6 21.
Re6 Qc5 22. Qe2 Nxd5 0-1

[Event "40th ECC Open 2025"]
[Site "Rhodes GRE"]
[Date "2025.10.24"]
[Round "6.93"]
[White "Klabis, Rokas"]
[Black "Kristensen, Kaare Hove"]
[Result "1/2-1/2"]
[WhiteTitle "IM"]
[BlackTitle "IM"]
[WhiteElo "2391"]
[BlackElo "2270"]
[WhiteTeam "Vilnius MRU-ROSK Consulting"]
[BlackTeam "Skakklubben Nordkalotten"]
[WhiteFideId "12805246"]
[BlackFideId "1400940"]
[EventDate "2025.10.19"]

1. e4 c5 2. Nf3 Nf6 3. e5 Nd5 4. Nc3 e6 5. Ne4 f5 6. Nc3 Nb4 7. b3 a6 8. Bb2 d5
9. d4 N4c6 10. Ne2 cxd4 11. Nexd4 Bb4+ 12. c3 Ba5 13. Bd3 Nxd4 14. Nxd4 Nc6 15.
Nxc6 bxc6 16. Qh5+ g6 17. Qh6 Kf7 18. O-O-O Qf8 19. Qf4 Bc7 20. h4 Qg7 21. c4 h5
22. Kb1 Bb7 23. f3 Qh6 24. Qd4 Rhd8 25. c5 a5 26. a3 Ba6 27. Bc2 Ke8 28. Rdg1
Kd7 29. Ka2 Bb5 30. g3 Be2 31. Qf2 Bb5 32. Rh2 Kc8 33. Qd4 Kb7 34. Bc3 a4 35.
bxa4 Bc4+ 36. Ka1 Ba5 37. Rb1+ Kc7 38. Bxa5+ Rxa5 39. Qb2 Bb5 40. axb5 Rda8 41.
b6+ Kb7 42. a4 Rxa4+ 43. Bxa4 Rxa4+ 44. Qa2 Rxa2+ 45. Rxa2 Qe3 46. Ra7+ Kb8 47.
Ra4 Kb7 48. Ra7+ 1/2-1/2

[Event "40th ECC Open 2025"]
[Site "Rhodes GRE"]
[Date "2025.10.24"]
[Round "6.94"]
[White "Hove, Esben Kjems"]
[Black "Vedrickas, Tautvydas"]
[Result "1/2-1/2"]
[WhiteTitle "FM"]
[BlackTitle "FM"]
[WhiteElo "2273"]
[BlackElo "2308"]
[WhiteTeam "Skakklubben Nordkalotten"]
[BlackTeam "Vilnius MRU-ROSK Consulting"]
[WhiteFideId "1401505"]
[BlackFideId "12802654"]
[EventDate "2025.10.19"]

1. d4 e6 2. Nf3 f5 3. g3 Nf6 4. Bg2 Be7 5. O-O O-O 6. c4 d6 7. Nc3 Ne4 8. Qc2
Nxc3 9. Qxc3 a5 10. Qc2 Nc6 11. b3 e5 12. dxe5 dxe5 13. Bb2 Bf6 14. Rad1 Qe8 15.
e4 Qh5 16. Nd2 f4 17. c5 Bg5 18. Bf3 Qh6 19. Qc4+ Kh8 20. Qe2 fxg3 21. fxg3 Bh3
22. Bg2 Be3+ 23. Kh1 Bxg2+ 24. Kxg2 Rxf1 25. Nxf1 Bxc5 26. Nd2 Rd8 27. Nc4 Rxd1
28. Qxd1 Bd4 29. Nxe5 Bxe5 30. Bxe5 Qe6 31. Bxc7 Qxe4+ 32. Qf3 Qe7 1/2-1/2

[Event "40th ECC Open 2025"]
[Site "Rhodes GRE"]
[Date "2025.10.24"]
[Round "6.95"]
[White "Sakalauskas, Vaidas"]
[Black "Nielsen, Lars Aaes"]
[Result "1/2-1/2"]
[WhiteTitle "IM"]
[BlackTitle "FM"]
[WhiteElo "2317"]
[BlackElo "2177"]
[WhiteTeam "Vilnius MRU-ROSK Consulting"]
[BlackTeam "Skakklubben Nordkalotten"]
[WhiteFideId "12800457"]
[BlackFideId "1401726"]
[EventDate "2025.10.19"]

1. d4 d5 2. c4 e6 3. Nc3 Nf6 4. cxd5 exd5 5. Bg5 Be7 6. e3 c6 7. Bd3 Nbd7 8. Qc2
h6 9. Bh4 Nh5 10. Bxe7 Qxe7 11. Nge2 Nb6 12. O-O O-O 13. Rab1 a5 14. b3 Bd7 15.
Rfe1 f5 16. Nf4 Qf7 17. Nce2 Nc8 18. f3 Nxf4 19. exf4 Qf6 20. Qd2 Nd6 21. Bc2 g6
22. Rbd1 b6 23. Nc3 b5 24. Re5 Nf7 25. Re3 Rfe8 26. Rde1 Kf8 27. g3 Qd6 28. Nd1
Rxe3 29. Rxe3 c5 30. dxc5 Qxc5 31. Kg2 b4 32. Rd3 Bc6 33. Ne3 Rd8 34. Nc4 Re8
35. Ne5 Nxe5 36. fxe5 Kg7 37. Bd1 Rxe5 38. Qb2 d4 39. Rxd4 Qc3 40. Qxc3 bxc3 41.
Rc4 Rd5 42. Rxc6 Rxd1 43. Rxc3 Rd2+ 44. Kg1 1/2-1/2

[Event "40th ECC Open 2025"]
[Site "Rhodes GRE"]
[Date "2025.10.24"]
[Round "6.96"]
[White "Jakobsen, Peter"]
[Black "Setkauskas, Vaidas"]
[Result "1/2-1/2"]
[WhiteTitle "FM"]
[WhiteElo "2166"]
[BlackElo "2272"]
[WhiteTeam "Skakklubben Nordkalotten"]
[BlackTeam "Vilnius MRU-ROSK Consulting"]
[WhiteFideId "1401440"]
[BlackFideId "12803936"]
[EventDate "2025.10.19"]

1. d4 Nf6 2. c4 c5 3. d5 b5 4. cxb5 a6 5. e3 e6 6. Nc3 exd5 7. Nxd5 Bb7 8. Nxf6+
Qxf6 9. Nf3 Be7 10. bxa6 Bxa6 11. Be2 Qe6 12. a3 Bf6 13. O-O O-O 14. Bxa6 Nxa6
15. Rb1 Rab8 16. Qc2 d5 17. Bd2 Rfc8 18. Rfc1 h6 19. h3 Rc7 20. Ba5 Rcc8 21. Rd1
Rc6 22. Qd2 c4 23. Bc3 Nc7 24. Nd4 Bxd4 25. Qxd4 Qg6 26. a4 Ra6 27. Qe5 Rc8 28.
Ra1 Re6 29. Qd4 Rd6 30. Qg4 Qxg4 31. hxg4 f6 32. e4 Kf7 33. exd5 Rxd5 34. Rxd5
Nxd5 35. a5 Ke6 36. Kf1 Kd6 37. Ke2 Nc7 38. Kd2 Re8 39. Re1 Rb8 40. Re4 Kc5 41.
Re7 Rd8+ 42. Kc2 Nd5 43. Rxg7 Re8 44. a6 Re2+ 45. Kb1 Rxf2 46. a7 Nxc3+ 47. bxc3
Rf1+ 48. Kb2 Rf2+ 49. Ka3 Rf1 50. Rc7+ Kb6 51. a8=N+ Kb5 52. Rb7+ Kc5 53. Rb2
Rc1 54. Nc7 Rxc3+ 55. Ka2 Rg3 56. Ne8 Rxg4 57. Nxf6 Rg6 58. Rf2 Kd4 59. Nh5 Rg5
60. Nf4 Ke3 61. Rf3+ Ke4 62. Rf2 1/2-1/2

[Event "40th ECC Open 2025"]
[Site "Rhodes GRE"]
[Date "2025.10.24"]
[Round "6.97"]
[White "Vagman, Roy"]
[Black "Ten Hertog, Hugo"]
[Result "0-1"]
[WhiteTitle "IM"]
[BlackTitle "GM"]
[WhiteElo "2383"]
[BlackElo "2532"]
[WhiteTeam "Rishon Le Zion #2"]
[BlackTeam "Paul Keres #1"]
[WhiteFideId "2828995"]
[BlackFideId "1026356"]
[EventDate "2025.10.19"]

1. e4 c6 2. d4 d5 3. e5 c5 4. dxc5 e6 5. c3 Nd7 6. Nf3 Bxc5 7. Nbd2 Ne7 8. Nb3
Bb6 9. Bd3 h6 10. Qe2 Ng6 11. Bxg6 fxg6 12. Qd3 O-O 13. Bxh6 Rxf3 14. gxf3 Nxe5
15. Qe2 Qf6 16. f4 Nf7 17. Bg5 Nxg5 18. fxg5 Qf4 19. Rg1 Bd7 20. Qd2 Qe4+ 21.
Qe2 Qf4 22. Qd2 Qa4 23. Nd4 e5 24. b3 Qa5 25. b4 Qa4 26. Nf3 Bc6 27. Qd1 Qa6 28.
Qe2 Bb5 29. Qd2 Bc4 30. Rg2 Re8 31. a4 d4 32. Rg4 Bc7 33. a5 Qc6 34. Ng1 Bd6 35.
Rc1 Be6 36. Rg3 Qe4+ 37. Qe2 Qf4 38. Qd2 dxc3 39. Qxf4 exf4 40. Rgxc3 Bxb4 41.
Kf1 Bxc3 42. Rxc3 Bd7 43. Rc5 a6 44. f3 Re3 45. Kf2 Bb5 46. Rc8+ Kh7 47. Rf8 Ra3
48. Rxf4 Rxa5 49. Rf7 Bc6 50. h4 Rf5 51. Rxf5 gxf5 52. Ne2 a5 53. Nd4 a4 54. Ke3
a3 55. Nc2 a2 56. Kf4 Kg6 0-1

[Event "40th ECC Open 2025"]
[Site "Rhodes GRE"]
[Date "2025.10.24"]
[Round "6.98"]
[White "Ootes, Lars"]
[Black "Galburd, Yan"]
[Result "1/2-1/2"]
[WhiteTitle "IM"]
[BlackTitle "IM"]
[WhiteElo "2357"]
[BlackElo "2418"]
[WhiteTeam "Paul Keres #1"]
[BlackTeam "Rishon Le Zion #2"]
[WhiteFideId "1019708"]
[BlackFideId "2808528"]
[EventDate "2025.10.19"]

1. c4 e6 2. Nc3 d5 3. d4 c5 4. cxd5 exd5 5. Nf3 Nc6 6. dxc5 d4 7. Na4 Bxc5 8.
Nxc5 Qa5+ 9. Bd2 Qxc5 10. b4 Qb6 11. Qb1 a6 12. a4 Nf6 13. b5 axb5 14. e3 b4 15.
Bb5 O-O 16. O-O Rd8 17. Re1 Be6 18. h3 h6 19. exd4 b3 20. Rxe6 fxe6 21. Qxb3 Nd5
22. Qd3 Qc7 23. Re1 Qf7 24. Re4 Nf6 25. Rh4 Rd5 26. Bxc6 bxc6 27. Ne5 Qf8 28.
Nxc6 Rxa4 29. Qg3 Ra3 30. Qc7 Ra1+ 31. Kh2 Qd6+ 32. Qxd6 Rxd6 33. Ne5 Ra4 34.
Nf3 Rd5 35. Rf4 Kf7 36. Ne5+ Ke8 37. Be3 Rb5 38. g4 Ra2 39. Kg2 Rb1 40. h4 Re1
41. Kf3 Rh1 42. g5 hxg5 43. hxg5 Nd5 44. Re4 Nc3 1/2-1/2

[Event "40th ECC Open 2025"]
[Site "Rhodes GRE"]
[Date "2025.10.24"]
[Round "6.99"]
[White "Ribstein, Orel"]
[Black "Kerigan, Demre"]
[Result "0-1"]
[BlackTitle "IM"]
[WhiteElo "2138"]
[BlackElo "2358"]
[WhiteTeam "Rishon Le Zion #2"]
[BlackTeam "Paul Keres #1"]
[WhiteFideId "2826534"]
[BlackFideId "6307841"]
[EventDate "2025.10.19"]

1. d4 d6 2. Nf3 Nf6 3. c4 g6 4. Nc3 Bg7 5. e4 Bg4 6. Be2 Bxf3 7. Bxf3 e5 8. d5
h5 9. b3 Bh6 10. Bb2 Nbd7 11. h4 a5 12. a3 O-O 13. O-O Ng4 14. Bxg4 hxg4 15.
Qxg4 Nc5 16. Rad1 Nxb3 17. Ne2 Qc8 18. Qg3 Nc5 19. f4 Qe8 20. f5 Nxe4 21. Qd3
Nf6 22. Qh3 Qa4 23. Qd3 Kg7 24. Rf3 b5 25. fxg6 bxc4 26. Qb1 Rab8 27. Rdf1 fxg6
28. Nc3 Qd7 29. Rg3 Ng4 30. Re1 Qf5 31. Ne4 Qh5 32. Qd1 Rxb2 33. Qxg4 Qxg4 34.
Rxg4 c3 35. h5 c2 36. Rxg6+ Kh7 37. Nf6+ Rxf6 38. Rxf6 Rb1 0-1

[Event "40th ECC Open 2025"]
[Site "Rhodes GRE"]
[Date "2025.10.24"]
[Round "6.100"]
[White "Ondersteijn, Niels"]
[Black "Barak, Gil"]
[Result "1-0"]
[WhiteTitle "IM"]
[BlackTitle "CM"]
[WhiteElo "2368"]
[BlackElo "2211"]
[WhiteTeam "Paul Keres #1"]
[BlackTeam "Rishon Le Zion #2"]
[WhiteFideId "1011162"]
[BlackFideId "2812690"]
[EventDate "2025.10.19"]

1. c4 e6 2. g3 d5 3. cxd5 exd5 4. Bg2 c5 5. Nf3 Nc6 6. O-O Nf6 7. d4 Be7 8. b3
Ne4 9. Bb2 Bf6 10. e3 O-O 11. Ne5 Re8 12. Nd2 cxd4 13. Nxc6 bxc6 14. exd4 c5 15.
Nxe4 dxe4 16. Qb1 Ba6 17. Rd1 Bd3 18. Rxd3 exd3 19. Bxa8 Qxa8 20. Qxd3 cxd4 21.
Rd1 Qd5 22. Qc4 Qf3 23. Qd3 Qd5 24. Qf1 h6 25. Qg2 Qxg2+ 26. Kxg2 Re2 27. Rb1
Rd2 28. a4 Be7 29. b4 d3 30. Bd4 Rc2 31. b5 d2 32. Rd1 Rc4 33. Bxa7 Rxa4 34. Be3
Rb4 35. b6 Bd8 36. Bxd2 Rd4 37. b7 Bc7 38. Ba5 1-0

[Event "40th ECC Open 2025"]
[Site "Rhodes GRE"]
[Date "2025.10.24"]
[Round "6.101"]
[White "Azoulay, Yehonatan"]
[Black "Lombaers, Peter"]
[Result "1/2-1/2"]
[BlackTitle "FM"]
[WhiteElo "2136"]
[BlackElo "2294"]
[WhiteTeam "Rishon Le Zion #2"]
[BlackTeam "Paul Keres #1"]
[WhiteFideId "2839415"]
[BlackFideId "1032852"]
[EventDate "2025.10.19"]

1. e4 c5 2. c3 Nf6 3. e5 Nd5 4. Nf3 Nc6 5. Bc4 Nb6 6. Bb3 d5 7. exd6 Qxd6 8. O-O
Be6 9. Bxe6 Qxe6 10. a4 Qd7 11. a5 Nd5 12. d4 e6 13. Re1 cxd4 14. Nxd4 Bc5 15.
Nxc6 Qxc6 16. Qg4 Ne7 17. Nd2 O-O 18. Nb3 Bd6 19. Nd4 Qc4 20. Bg5 Ng6 21. Rad1
Bc7 22. h4 f5 23. Qe2 Qxe2 24. Rxe2 Bxa5 25. Rxe6 Rf7 26. Rde1 Bb6 27. Re8+ Rxe8
28. Rxe8+ Rf8 29. Rxf8+ Kxf8 30. Nxf5 Ne5 31. Be3 Nd3 32. Bxb6 axb6 33. b3 Kf7
34. Kf1 Kf6 35. Nd4 Ke5 36. Ke2 Nf4+ 37. Kf3 Nd5 38. Nb5 h5 39. g3 Nf6 40. Ke3
Ng4+ 41. Ke2 Nh6 42. Nd4 Nf7 43. Kd3 g6 44. f4+ Kf6 45. c4 Nd6 46. b4 Nf5 47.
Nxf5 gxf5 48. Kc3 Ke7 49. Kb3 Kd7 50. Kc2 Kd6 51. Kc3 Kd7 52. Kd3 Kd6 53. Ke3
Kd7 54. Ke2 Kd6 55. Kd3 Kd7 56. Kd4 Ke6 57. Kc3 Kd6 58. Kb3 Kd7 1/2-1/2

[Event "40th ECC Open 2025"]
[Site "Rhodes GRE"]
[Date "2025.10.24"]
[Round "6.102"]
[White "Wemmers, Xander"]
[Black "Tashkinova, Sofiia"]
[Result "0-1"]
[WhiteTitle "IM"]
[BlackTitle "WFM"]
[WhiteElo "2316"]
[BlackElo "2036"]
[WhiteTeam "Paul Keres #1"]
[BlackTeam "Rishon Le Zion #2"]
[WhiteFideId "1004182"]
[BlackFideId "14188309"]
[EventDate "2025.10.19"]

1. d4 Nf6 2. c4 e6 3. Nf3 b6 4. g3 Bb7 5. Bg2 Be7 6. O-O O-O 7. Nc3 d5 8. cxd5
Nxd5 9. Nxd5 Bxd5 10. Qc2 Nd7 11. e4 Bb7 12. Rd1 h6 13. Bf4 Rc8 14. Qe2 Nf6 15.
Ne5 Qe8 16. Nc4 Qa4 17. b3 Qb5 18. Rd3 Rfd8 19. Rad1 Ba6 20. h4 Qe8 21. a4 c6
22. Qa2 Bb4 23. Bd2 Qe7 24. Bf4 Qb7 25. Bf3 Be7 26. R3d2 Bb4 27. Rc2 b5 28. Ne3
Qe7 29. axb5 Bxb5 30. Nc4 Ra8 31. Kg2 a5 32. Nb6 Ra6 33. Na4 Ra7 34. Be3 Raa8
35. Bf4 Ra7 36. Qa1 Rad7 37. Nb6 Rb7 38. Nc4 Ra7 39. Nb6 Ra6 40. Na4 Ra7 41. Be3
Raa8 42. Ra2 Nd7 43. Bf4 Ra6 44. Kh2 Nb6 45. Rc2 Nd7 46. Bg2 Nf6 47. Nc5 Raa8
48. Bd2 e5 49. Bxb4 axb4 50. Qb2 Ng4+ 51. Kh3 h5 52. Bf3 exd4 53. Bxg4 hxg4+ 54.
Kxg4 d3 55. Rcc1 f5+ 56. Kxf5 Qc7 57. Kg4 Qc8+ 58. Kf3 Qh3 59. Ke3 Ra7 60. Qe5
Rf7 61. Nxd3 Qg4 62. Nf4 Rxd1 63. Rxd1 Qxd1 64. Qe8+ Rf8 65. Qe6+ Kh7 66. Qg6+
Kh8 67. Qe6 Qe1+ 68. Kf3 Be2+ 69. Kg2 Qf1+ 70. Kh2 Qxf2+ 71. Kh3 Rxf4 72. gxf4
Qf3+ 73. Kh2 Qxf4+ 74. Kh3 Bf1# 0-1

[Event "40th ECC Open 2025"]
[Site "Rhodes GRE"]
[Date "2025.10.24"]
[Round "6.103"]
[White "Kaczmarczyk, Dennis"]
[Black "Tarhan, Adar"]
[Result "0-1"]
[WhiteTitle "IM"]
[BlackTitle "IM"]
[WhiteElo "2473"]
[BlackElo "2432"]
[WhiteTeam "SG Winterthur"]
[BlackTeam "Pausa Chess Team"]
[WhiteFideId "24608297"]
[BlackFideId "34544712"]
[EventDate "2025.10.19"]

1. c4 Nf6 2. Nc3 e5 3. Nf3 Nc6 4. e3 Bb4 5. Qc2 O-O 6. Nd5 Re8 7. Ng5 e4 8. Nxb4
Nxb4 9. Qc3 a5 10. f3 d5 11. f4 d4 12. exd4 Nd3+ 0-1

[Event "40th ECC Open 2025"]
[Site "Rhodes GRE"]
[Date "2025.10.24"]
[Round "6.104"]
[White "Durak, Can"]
[Black "Gaehwiler, Gabriel"]
[Result "0-1"]
[WhiteTitle "IM"]
[BlackTitle "IM"]
[WhiteElo "2425"]
[BlackElo "2380"]
[WhiteTeam "Pausa Chess Team"]
[BlackTeam "SG Winterthur"]
[WhiteFideId "44552971"]
[BlackFideId "1314530"]
[EventDate "2025.10.19"]

1. Nf3 Nf6 2. g3 b6 3. Bg2 Bb7 4. O-O g6 5. d4 Bg7 6. c4 O-O 7. d5 Na6 8. Nc3
Nc5 9. Nd4 e5 10. Nc2 a5 11. e4 Ne8 12. f4 exf4 13. gxf4 Nd6 14. e5 Nf5 15. Bh3
Nh4 16. Qg4 d6 17. f5 Nxf5 18. Rxf5 gxf5 19. Qh5 Bc8 20. Nd4 Bxe5 21. Nc6 Qe8
22. Nb5 f6 23. Qf3 Kh8 24. Nxc7 Qg6+ 25. Kf1 f4 26. Ne6 Rg8 27. Ne7 Qg1+ 28. Ke2
Qxh2+ 29. Kd1 Rg3 0-1

[Event "40th ECC Open 2025"]
[Site "Rhodes GRE"]
[Date "2025.10.24"]
[Round "6.105"]
[White "Rappazzo, Johannes"]
[Black "Oktem, Ege Tuna"]
[Result "0-1"]
[WhiteTitle "FM"]
[BlackTitle "FM"]
[WhiteElo "2189"]
[BlackElo "2367"]
[WhiteTeam "SG Winterthur"]
[BlackTeam "Pausa Chess Team"]
[WhiteFideId "1340069"]
[BlackFideId "26314363"]
[EventDate "2025.10.19"]

1. e4 e6 2. d4 d5 3. Nc3 Nf6 4. Bg5 dxe4 5. Nxe4 Be7 6. Bxf6 Bxf6 7. Nf3 Nd7 8.
Qd2 O-O 9. O-O-O Be7 10. h4 b6 11. Bd3 Bb7 12. Qe2 c5 13. dxc5 Qc7 14. Neg5 Nf6
15. Ne5 bxc5 16. Nd7 Rfd8 17. Nxf6+ Bxf6 18. Bxh7+ Kf8 19. Bd3 Bxg2 20. Rhg1
Bxg5+ 21. hxg5 Qf4+ 22. Qd2 Qxd2+ 23. Rxd2 Bd5 24. Rgd1 Ke7 25. b3 Bc6 26. a4
Rab8 27. Kb2 Bxa4 28. Ra1 Bxb3 29. Rxa7+ Kf8 30. cxb3 c4 31. Kc3 cxd3 32. Rc7
Rd5 33. b4 Rxg5 34. Rxd3 Rf5 35. f3 g6 36. Kc4 Rf4+ 37. Kc5 Rbxb4 38. Rd8+ Kg7
39. Rdd7 Rbc4+ 40. Kd6 Rxc7 0-1

[Event "40th ECC Open 2025"]
[Site "Rhodes GRE"]
[Date "2025.10.24"]
[Round "6.106"]
[White "Aydin, Gulenay"]
[Black "Ballmann, Martin"]
[Result "0-1"]
[WhiteTitle "WIM"]
[BlackTitle "IM"]
[WhiteElo "2237"]
[BlackElo "2323"]
[WhiteTeam "Pausa Chess Team"]
[BlackTeam "SG Winterthur"]
[WhiteFideId "34557431"]
[BlackFideId "1300350"]
[EventDate "2025.10.19"]

1. e4 e6 2. d4 d5 3. Nd2 c5 4. exd5 Qxd5 5. dxc5 Bxc5 6. Ngf3 Nf6 7. Bc4 Qc6 8.
Qe2 O-O 9. O-O a6 10. Ne5 Qc7 11. Ndf3 b5 12. Bb3 Nbd7 13. a4 Rb8 14. axb5 axb5
15. Bf4 Bd6 16. Nxd7 Nxd7 17. Bxd6 Qxd6 18. Rfd1 Qb6 19. c3 b4 20. Bc2 bxc3 21.
bxc3 Nf6 22. Ra4 Bb7 23. Rh4 Bxf3 24. Qxf3 Rfd8 25. Rf1 Qb2 26. Be4 Rbc8 27. Rh3
h6 28. Rg3 Kf8 29. h3 Rc4 30. Bb1 Rdc8 31. Qd1 Rxc3 32. Qd6+ Kg8 33. Kh2 Rxg3
34. fxg3 Qb8 35. Qd3 Qc7 36. Rd1 g6 37. Qe3 Kg7 38. Bd3 Qc5 39. Qf3 Qe5 40. Rf1
Rc3 41. Qd1 h5 42. Rf4 g5 43. Rf3 h4 44. Qd2 hxg3+ 45. Rxg3 Rxd3 46. Qxd3 Ne4
47. Qe3 Qxg3+ 48. Qxg3 Nxg3 49. Kxg3 Kg6 50. Kf3 Kh5 51. g3 f5 52. Ke3 e5 53.
Kf3 f4 54. Kg2 fxg3 55. Kxg3 e4 0-1

[Event "40th ECC Open 2025"]
[Site "Rhodes GRE"]
[Date "2025.10.24"]
[Round "6.107"]
[White "Schiendorfer, Emanuel"]
[Black "Senel, Hayri Beyhun"]
[Result "1/2-1/2"]
[WhiteTitle "FM"]
[BlackTitle "FM"]
[WhiteElo "2365"]
[BlackElo "2129"]
[WhiteTeam "SG Winterthur"]
[BlackTeam "Pausa Chess Team"]
[WhiteFideId "1309889"]
[BlackFideId "26314690"]
[EventDate "2025.10.19"]

1. Nf3 Nf6 2. g3 g6 3. Bg2 Bg7 4. O-O O-O 5. d4 d6 6. c4 Nc6 7. d5 Na5 8. Na3 c5
9. Re1 a6 10. e4 Nd7 11. Rb1 Rb8 12. Bf4 b5 13. cxb5 axb5 14. b4 Nc4 15. Nxc4
bxc4 16. b5 Qa5 17. a4 Nb6 18. e5 Bf5 19. exd6 exd6 20. Bxd6 Bxb1 21. Qxb1 Nxd5
22. Ne5 Nc3 23. Qc1 Rbd8 24. Nc6 Qxa4 25. Nxd8 Rxd8 26. Bc6 h5 27. Qf4 Ne2+ 28.
Rxe2 Qd1+ 29. Kg2 Qxe2 30. b6 c3 1/2-1/2

[Event "40th ECC Open 2025"]
[Site "Rhodes GRE"]
[Date "2025.10.24"]
[Round "6.108"]
[White "Yaramis, Hakan"]
[Black "Szakolczai, Peter"]
[Result "1/2-1/2"]
[BlackTitle "FM"]
[WhiteElo "1978"]
[BlackElo "2125"]
[WhiteTeam "Pausa Chess Team"]
[BlackTeam "SG Winterthur"]
[WhiteFideId "6304613"]
[BlackFideId "705624"]
[EventDate "2025.10.19"]

1. e4 c5 2. Nf3 Nc6 3. Bb5 e5 4. O-O Bd6 5. d4 Nxd4 6. Bc4 Nxf3+ 7. Qxf3 Qf6 8.
Qd1 Ne7 9. a4 O-O 10. Ra3 Bc7 11. Rf3 Qb6 12. Bg5 d5 13. Bxe7 dxc4 14. Bxf8 Kxf8
15. h3 Be6 16. Nc3 Rd8 17. Qe2 Qc6 18. Nd5 Bxd5 19. exd5 Qxd5 20. Rc3 b6 21.
Qxc4 Qxc4 22. Rxc4 a5 23. c3 Rd2 24. b4 axb4 25. cxb4 Bd6 26. bxc5 Bxc5 27. a5
Ra2 28. axb6 Bxb6 29. Rb4 Bd4 30. Rb7 g6 31. Rb8+ 1/2-1/2